000 00838 a2200133 4500
020 _a9780784409008 (pbk.)
020 _a0784409005 (pbk.)
082 _a628.2 BIZ
245 _aGravity sanitary sewer design and construction /
_cprepared by a joint task force of the Environmental and Water Resources Institute and the Pipeline Division Committee on Pipeline Planning of the American Society of Civil Engineers and the Collection Systems Subcommittee of the Technical Practice Committee of the Water Environment Federation ; edited by Paul Bizier.
250 _a2nd ed.
260 _aReston, Va. :
_bAmerican Society of Civil Engineers :
_bEnvironmental & Water Resources Institute ;
_a[Alexandria, VA] :
_bWater Environment Federation,
_c2007.
300 _axiii, 422 p. :
_bill. ;
_c23 cm.
650 _aSewerage
_xDesign and construction.
830 0 _aManual of practice.
999 _c1695
_d1695